000 00969nam a22002897a 4500
003 CHAP
005 20220329135433.0
008 971013s1928 r 00010 d
010 _a36443
011 _a37415
035 _a41535
040 _cCHAP
090 _aFolleto 7966
110 _aMéxico. Dirección de Aguas, Tierras y Colonización
_976931
245 _aPrograma que en materia de aguas, tierras y colonización desarrollará la dirección y sus zonas
260 _aMéxico, D.F. :
_bSecretaría de Agricultura y Fomento,
_c1928
300 _a24 p
590 _aBATCH-UPD
_b10
_c20130110
_lUCH01
_h0953
590 _aBATCH-UPD
_b10
_c20130410
_lUCH01
_h0606
590 _aBATCH-UPD
_b10
_c20130914
_lUCH01
_h0308
590 _aCONVERSION
_b10
_c20130109
_lUCH01
_h1320
650 1 4 _aAgua
_xLeyes
_xMéxico.
_92387
650 1 4 _aTierras
_xTenencia
_zMéxico.
_9113215
901 _aBK
942 _cFOLL
949 _aFolleto 7966
_bBC
_cBPP
_d-95181
_eBPP
_i41535
_si
999 _c36443
_d36443